Statistics for Highest Paid Dead Celebrities

Click here to take the quiz!

General Stats

  • This quiz has been taken 108 times
  • The average score is 7 of 12

Answer Stats

Earnings Hint Answer % Correct
$825MThrillerMichael Jackson
99%
$25MPurple RainPrince
90%
$12MImagineJohn Lennon
80%
$11.5ME=mc^2Albert Einstein
77%
$27MHeartbreak HotelElvis Presley
71%
$10.5MZiggy StardustDavid Bowie
70%
$21MI Shot The SheriffBob Marley
64%
$20MGreen Eggs And HamTheodor Geisel
58%
$40Mwon 7 major golf tournamentsArnold Palmer
43%
$48MPeanutsCharles Schultz
39%
$9MBullittSteve McQueen
32%
$11MQueen of PinupsBettie Page
2%

Score Distribution

Percentile by Number Answered

Percent of People with Each Score

Your Score History

You have not taken this quiz